Trivia Test - BTS - Statistiques

Statistiques générales
  • Ce quiz a été pris 1 373 fois
  • Le résultat moyen est 14 sur 18
Statistiques - réponses
Question Réponse % Correct
Combien ont-ils de membre ? 7
100%
Quelle est le nom de leur fandom? Army
100%
Qui est le leader? Rm
100%
Sous quelle agence sont-ils? Big Hit
99%
Qui est le maknae? Jungkook
97%
Quel est le vrai nom de Suga? Min Yoongi
97%
Qui est le hyung? Jin
96%
Qui est appellé Baby Mochi? Jimin
95%
Comment s'appelle ces personnages qui ont été crée par BTS ? BT21
92%
Est-ce que tous les membres ont fait au moins 2 solos ? Oui
89%
Qui est l'Idol Type de Jungkook Iu
84%
Quand ont-ils débuté? 13 juin 2013
78%
Quel chanson fait référence au "Sewol Ferry Tragedy" Spring Day
75%
Quelle a été leur 1ere victoire sur un "show téléviser"? (Nom de la chanson) I Need U
64%
Qui, une fois a dit "Internationnal playboy" JungKook
62%
Combien de Daesang ont-ils remporté ? 63
54%
Avec qui V a fait un câlin et a fait la bise durant les Grammy 2022 ? Lady Gaga
37%
Quelle est leur chanson avec le plus de vu? Boy With Luv
11%
Aucun quiz correspondant
Distribution des résultats
% des personnes avec chaque résultat
Percentile par nombre de réponses
Votre historique - résultats
Vous n’avez pas pris ce quiz